000 00831nmm a2200265 a 4500
001 ocm000601729
003 TR-IsHL
005 20201028154410.0
008 131203s1992 tu tur
007 cr cn
020 _a9789754450095
035 _a601729
_b(N$T)
050 0 4 _aDS26
_b.T65 1992
090 0 4 _aDS26
_b.T65 1992
100 1 _aToker, Yalçın
245 1 0 _aBüyük uyanış
_h[electronic resource] /
_cYalçın Toker
260 _aİstanbul :
_bToker Yayınları,
_c1992
300 _a256 p.
650 4 _aTarih
650 4 _aHistory
650 0 _aTürk kavimleri, Orta Asya'da
650 0 _aTurkish tribes in Central Asia
650 7 _aHISTORY / Middle East / Turkey & Ottoman Empire
_2bisacsh
856 4 0 _uhttp://search.ebscohost.com/login.aspx?direct=true&scope=site&db=e011xww&AN=601729
999 _c12554
_d12554